|
|
|
|
| LEADER |
00000nab a2200000 a 4500 |
| 001 |
vtls000737638 |
| 003 |
SK-MaSNL |
| 005 |
20260304105551.0 |
| 008 |
250429c2000 xo 0 slo |
| 015 |
|
|
|a SNBRB2000/12-34307
|
| 035 |
|
|
|a CLN000089505
|
| 035 |
|
|
|a urn:nbn:sk:snk-ab32kc
|
| 035 |
|
|
|a (urnnbn)urn:nbn:sk:snk:ar-a05p64
|
| 035 |
|
|
|a (uuid)8aa8b15d-38d1-4d49-a824-6ab66616e01c
|
| 040 |
|
|
|a SNKBUCL
|b slo
|c SNKBUCL
|e AACR2
|
| 041 |
0 |
|
|a slo
|
| 044 |
|
|
|a xo
|c SK
|
| 080 |
|
|
|a 61-051
|2 1997
|
| 080 |
|
|
|a 616.12
|2 1997
|
| 080 |
|
|
|a 929 Fabián, Juraj
|2 1997
|
| 100 |
1 |
|
|a Kamenský, Gabriel,
|d 1970-
|4 aut
|9 7726
|
| 245 |
1 |
0 |
|a Životné jubileum profesora MUDr. Juraja Fabiána, DrSc., F.E.S.C.
|c Gabriel Kamenský
|
| 300 |
|
|
|b Fotogr.
|
| 600 |
1 |
7 |
|a Fabián, Juraj,
|d 1935-2010
|2 snkbucl
|9 6939
|
| 655 |
|
7 |
|a články z novín a časopisov
|2 snkbucl
|9 267496
|
| 773 |
0 |
|
|t Kardiológia
|g Roč. 9, č. 5 (2000)
|g S. K/C 89
|x 1210-0048
|x 1210-0048
|
| 773 |
0 |
|
|t Informácie SKS, SHS a PSNK
|g Roč. 9, č. 5 (2000)
|g S. K/C 89
|x 1210-0048
|x 1210-0048
|
| 850 |
|
|
|a Slovenská národná knižnica
|
| 852 |
|
|
|a Slovenská národná knižnica
|
| 958 |
|
|
|a article27
|
| 958 |
|
|
|a OND
|
| 958 |
|
|
|a MI
|
| 958 |
|
|
|a BX
|
| 958 |
|
|
|a SK
|
| 999 |
|
|
|c 2856183
|d 2858113
|